Study of the Electroweak Symmetry Breaking Sector for the LHC (Запис № 446348)

МАРК-запис
000 -LEADER
fixed length control field 03575nam a22005895i 4500
001 - CONTROL NUMBER
control field 978-3-319-60498-5
003 - CONTROL NUMBER IDENTIFIER
control field DE-He213
005 - DATE AND TIME OF LATEST TRANSACTION
control field 20210118124012.0
007 - PHYSICAL DESCRIPTION FIXED FIELD--GENERAL INFORMATION
fixed length control field cr nn 008mamaa
008 - FIXED-LENGTH DATA ELEMENTS--GENERAL INFORMATION
fixed length control field 170630s2017 gw | s |||| 0|eng d
020 ## - INTERNATIONAL STANDARD BOOK NUMBER
International Standard Book Number 9783319604985
-- 978-3-319-60498-5
024 7# - OTHER STANDARD IDENTIFIER
Standard number or code 10.1007/978-3-319-60498-5
Source of number or code doi
050 #4 - LIBRARY OF CONGRESS CALL NUMBER
Classification number QC793-793.5
050 #4 - LIBRARY OF CONGRESS CALL NUMBER
Classification number QC174.45-174.52
072 #7 - SUBJECT CATEGORY CODE
Subject category code PHQ
Source bicssc
072 #7 - SUBJECT CATEGORY CODE
Subject category code SCI051000
Source bisacsh
072 #7 - SUBJECT CATEGORY CODE
Subject category code PHQ
Source thema
082 04 - DEWEY DECIMAL CLASSIFICATION NUMBER
Classification number 539.72
Edition number 23
100 1# - MAIN ENTRY--PERSONAL NAME
Personal name Delgado López, Rafael.
Relator term author.
Relator code aut
-- http://id.loc.gov/vocabulary/relators/aut
245 10 - TITLE STATEMENT
Title Study of the Electroweak Symmetry Breaking Sector for the LHC
Medium [electronic resource] /
Statement of responsibility, etc by Rafael Delgado López.
250 ## - EDITION STATEMENT
Edition statement 1st ed. 2017.
264 #1 -
-- Cham :
-- Springer International Publishing :
-- Imprint: Springer,
-- 2017.
300 ## - PHYSICAL DESCRIPTION
Extent XV, 197 p. 55 illus., 16 illus. in color.
Other physical details online resource.
336 ## -
-- text
-- txt
-- rdacontent
337 ## -
-- computer
-- c
-- rdamedia
338 ## -
-- online resource
-- cr
-- rdacarrier
347 ## -
-- text file
-- PDF
-- rda
490 1# - SERIES STATEMENT
Series statement Springer Theses, Recognizing Outstanding Ph.D. Research,
Міжнародний стандартний серійний номер для назви серії (ISSN) 2190-5053
505 0# - FORMATTED CONTENTS NOTE
Formatted contents note Introduction -- Chiral EW Lagrangian -- Scattering Amplitudes -- Analytical Properties and Unitarization -- Study of the Parameter Space -- Conclusions.
520 ## - SUMMARY, ETC.
Summary, etc In this dissertation, we revisit the prospects of a strongly interacting theory for the Electroweak Symmetry Breaking Sector of the Standard Model, after the discovery of a Higgs-like boson at 125GeV. As the LHC constrains new phenomena near the Higgs mass, it is natural to assume that the new scale is of order 1TeV. This mass gap might indicate strongly interacting new physics. This work is of quite general validity and model independence. With only a few parameters at the Lagrangian level, multiple channels (possibly with new physics resonances) are describable, and many BSM theories can be treated. It will be of interest to postgraduate students and researchers, and is accessible to newcomers in the field. Many calculations are given in full detail and there are ample graphical illustrations.
506 ## - RESTRICTIONS ON ACCESS NOTE
Terms governing access Available to subscribing member institutions only. Доступно лише організаціям членам підписки.
506 ## - RESTRICTIONS ON ACCESS NOTE
Standardized terminology for access restriction Online access from local network of NaUOA.
506 ## - RESTRICTIONS ON ACCESS NOTE
Standardized terminology for access restriction Online access with authorization at https://link.springer.com/
506 ## - RESTRICTIONS ON ACCESS NOTE
Standardized terminology for access restriction Онлайн-доступ з локальної мережі НаУОА.
506 ## - RESTRICTIONS ON ACCESS NOTE
Standardized terminology for access restriction Онлайн доступ з авторизацією на https://link.springer.com/
650 #0 - SUBJECT ADDED ENTRY--TOPICAL TERM
Topical term or geographic name as entry element Elementary particles (Physics).
650 #0 - SUBJECT ADDED ENTRY--TOPICAL TERM
Topical term or geographic name as entry element Quantum field theory.
650 #0 - SUBJECT ADDED ENTRY--TOPICAL TERM
Topical term or geographic name as entry element String theory.
650 14 - SUBJECT ADDED ENTRY--TOPICAL TERM
Topical term or geographic name as entry element Elementary Particles, Quantum Field Theory.
-- http://scigraph.springernature.com/things/product-market-codes/P23029
650 24 - SUBJECT ADDED ENTRY--TOPICAL TERM
Topical term or geographic name as entry element Quantum Field Theories, String Theory.
-- http://scigraph.springernature.com/things/product-market-codes/P19048
710 2# - ADDED ENTRY--CORPORATE NAME
Corporate name or jurisdiction name as entry element SpringerLink (Online service)
773 0# - HOST ITEM ENTRY
Title Springer eBooks
776 08 - ADDITIONAL PHYSICAL FORM ENTRY
Display text Printed edition:
International Standard Book Number 9783319604978
776 08 - ADDITIONAL PHYSICAL FORM ENTRY
Display text Printed edition:
International Standard Book Number 9783319604992
776 08 - ADDITIONAL PHYSICAL FORM ENTRY
Display text Printed edition:
International Standard Book Number 9783319868714
830 #0 - SERIES ADDED ENTRY--UNIFORM TITLE
Uniform title Springer Theses, Recognizing Outstanding Ph.D. Research,
-- 2190-5053
856 40 - ELECTRONIC LOCATION AND ACCESS
Uniform Resource Identifier <a href="https://doi.org/10.1007/978-3-319-60498-5">https://doi.org/10.1007/978-3-319-60498-5</a>
912 ## -
-- ZDB-2-PHA
942 ## - ADDED ENTRY ELEMENTS (KOHA)
Koha item type ЕКнига

Немає доступних примірників.